000 00776nam a2200217 a 4500
001 000023750
005 20200930022435.0
008 110112s2000 mx r 000 0 spa d
040 _aDO-SdBNP
_bspa
_cBNPHU
041 1 7 _aspa
_hheb
_2Código de idiomas MARC
082 _annnn
_bL525c
100 1 _aLeibowitz, Yeshayahu,
_d1903-1994
_948905
245 1 3 _aLa crisis como esencia de la experiencia religiosa /
_cYeshayahu Leibowitz ; prólogo, traducción y notas de Leonardo Cohen.
260 _aMéxico :
_bTaurus,
_c2000.
300 _a148 p. ;
_c18 cm.
490 1 _aLa huella del otro
504 _aIncluye referencias bibliográficas y notas al pie de las páginas.
700 1 _aCohen, Leonardo,
_epról.
_948906
830 0 _aLa huella del otro
_943772
049 _aBNGR
999 _c23246
_d23246